000 nam a22 7a 4500
999 _c128669
_d128669
008 181127b xxu||||| |||| 00| 0 eng d
050 _aBS2585.5.R362
100 _aReilly, John
_943681
245 _aPraying Mark
_cJohn Reilly
260 _aAustralia
_bSt. Pauls
_c1992
300 _a181p. ;
_c22cm.
650 _aBible N.T. Mark
_xMeditations
_943682
942 _2lcc
_cMONOGRAPH